<?xml version="1.0" encoding="UTF-8"?>
<collection xmlns="http://www.loc.gov/MARC21/slim">
 <record>
  <leader>01644nam a2200325 a 4500</leader>
  <controlfield tag="001">18970</controlfield>
  <controlfield tag="003">BD-DhAAL</controlfield>
  <controlfield tag="005">20200112141015.0</controlfield>
  <controlfield tag="008">090812s1996    ne a     b    001 0 eng d</controlfield>
  <datafield tag="999" ind1=" " ind2=" ">
   <subfield code="c">3073</subfield>
   <subfield code="d">3073</subfield>
  </datafield>
  <datafield tag="010" ind1=" " ind2=" ">
   <subfield code="a">   96008399 </subfield>
  </datafield>
  <datafield tag="020" ind1=" " ind2=" ">
   <subfield code="a">9004106421 (alk. paper)</subfield>
  </datafield>
  <datafield tag="020" ind1=" " ind2=" ">
   <subfield code="a">9789004106420</subfield>
  </datafield>
  <datafield tag="022" ind1=" " ind2=" ">
   <subfield code="a">13853376</subfield>
  </datafield>
  <datafield tag="040" ind1=" " ind2=" ">
   <subfield code="a">DLC</subfield>
   <subfield code="c">DLC</subfield>
   <subfield code="d">DLC</subfield>
  </datafield>
  <datafield tag="082" ind1="0" ind2="0">
   <subfield code="a">305.4095414</subfield>
   <subfield code="2">20</subfield>
  </datafield>
  <datafield tag="100" ind1="1" ind2=" ">
   <subfield code="a">Amin, Sonia.</subfield>
   <subfield code="9">38905</subfield>
  </datafield>
  <datafield tag="245" ind1="1" ind2="4">
   <subfield code="a">The world of Muslim women in colonial Bengal, 1876-1939 /</subfield>
   <subfield code="c">by Sonia Nishat Amin.</subfield>
  </datafield>
  <datafield tag="260" ind1=" " ind2=" ">
   <subfield code="a">Leiden [The Netherlands] ;</subfield>
   <subfield code="a">New York :</subfield>
   <subfield code="b">E.J. Brill,</subfield>
   <subfield code="c">1996.</subfield>
  </datafield>
  <datafield tag="300" ind1=" " ind2=" ">
   <subfield code="a">xxii, 313 p. :</subfield>
   <subfield code="b">ill. ;</subfield>
   <subfield code="c">24 cm.</subfield>
  </datafield>
  <datafield tag="490" ind1="0" ind2=" ">
   <subfield code="a">Social, economic, and political studies of the Middle East and Asia,</subfield>
   <subfield code="x">1385-3376 ;</subfield>
   <subfield code="v">v. 55</subfield>
  </datafield>
  <datafield tag="504" ind1=" " ind2=" ">
   <subfield code="a">Includes bibliographical references (p. [284]-298) and index.</subfield>
  </datafield>
  <datafield tag="541" ind1="1" ind2=" ">
   <subfield code="e">18970, 36895, 36896</subfield>
  </datafield>
  <datafield tag="650" ind1=" " ind2="0">
   <subfield code="a">Women</subfield>
   <subfield code="z">India</subfield>
   <subfield code="z">Bengal</subfield>
   <subfield code="x">History.</subfield>
   <subfield code="9">38906</subfield>
  </datafield>
  <datafield tag="650" ind1=" " ind2="0">
   <subfield code="a">Muslim women</subfield>
   <subfield code="z">India</subfield>
   <subfield code="z">Bengal</subfield>
   <subfield code="x">History.</subfield>
   <subfield code="9">38907</subfield>
  </datafield>
  <datafield tag="852" ind1="4" ind2=" ">
   <subfield code="a">BRAC Development Institute </subfield>
   <subfield code="j">General Stacks</subfield>
  </datafield>
  <datafield tag="942" ind1=" " ind2=" ">
   <subfield code="2">ddc</subfield>
   <subfield code="c">BK</subfield>
  </datafield>
  <datafield tag="952" ind1=" " ind2=" ">
   <subfield code="0">0</subfield>
   <subfield code="1">0</subfield>
   <subfield code="2">ddc</subfield>
   <subfield code="4">0</subfield>
   <subfield code="6">305_409541400000000_AMI</subfield>
   <subfield code="7">0</subfield>
   <subfield code="9">2786</subfield>
   <subfield code="a">BDI</subfield>
   <subfield code="b">BDI</subfield>
   <subfield code="c">GEN</subfield>
   <subfield code="d">2009-08-30</subfield>
   <subfield code="e">Karim International</subfield>
   <subfield code="l">0</subfield>
   <subfield code="o">305.4095414 AMI</subfield>
   <subfield code="p">3010018970</subfield>
   <subfield code="r">2009-08-30</subfield>
   <subfield code="t">1</subfield>
   <subfield code="w">2009-08-30</subfield>
   <subfield code="y">BK</subfield>
  </datafield>
  <datafield tag="952" ind1=" " ind2=" ">
   <subfield code="0">0</subfield>
   <subfield code="1">0</subfield>
   <subfield code="2">ddc</subfield>
   <subfield code="4">0</subfield>
   <subfield code="6">305_409541400000000_AMI</subfield>
   <subfield code="7">0</subfield>
   <subfield code="9">67700</subfield>
   <subfield code="a">BRACUL</subfield>
   <subfield code="b">BRACUL</subfield>
   <subfield code="c">GEN</subfield>
   <subfield code="d">2020-01-12</subfield>
   <subfield code="e">Karim International</subfield>
   <subfield code="g">9900.00</subfield>
   <subfield code="l">1</subfield>
   <subfield code="m">9</subfield>
   <subfield code="o">305.4095414 AMI</subfield>
   <subfield code="p">3010036896</subfield>
   <subfield code="q">2025-12-31</subfield>
   <subfield code="r">2020-01-12</subfield>
   <subfield code="s">2020-01-12</subfield>
   <subfield code="t">3</subfield>
   <subfield code="v">9900.00</subfield>
   <subfield code="w">2020-01-12</subfield>
   <subfield code="y">BK</subfield>
  </datafield>
  <datafield tag="952" ind1=" " ind2=" ">
   <subfield code="0">0</subfield>
   <subfield code="1">0</subfield>
   <subfield code="2">ddc</subfield>
   <subfield code="4">0</subfield>
   <subfield code="6">305_409541400000000_AMI</subfield>
   <subfield code="7">0</subfield>
   <subfield code="9">67701</subfield>
   <subfield code="a">BRACUL</subfield>
   <subfield code="b">BRACUL</subfield>
   <subfield code="c">GEN</subfield>
   <subfield code="d">2020-01-12</subfield>
   <subfield code="e">Karim International</subfield>
   <subfield code="g">9900.00</subfield>
   <subfield code="l">2</subfield>
   <subfield code="o">305.4095414 AMI</subfield>
   <subfield code="p">3010036895</subfield>
   <subfield code="r">2022-03-23</subfield>
   <subfield code="s">2022-03-21</subfield>
   <subfield code="t">2</subfield>
   <subfield code="v">9900.00</subfield>
   <subfield code="w">2020-01-12</subfield>
   <subfield code="y">BK</subfield>
  </datafield>
 </record>
</collection>
